LA NUEVA POESÍA (Registro nro. 68649)

Detalles MARC
000 -CABECERA
campo de control de longitud fija 00646nam a22002177a 4500
003 - IDENTIFICADOR DEL NÚMERO DE CONTROL
campo de control BPGM
008 - DATOS DE LONGITUD FIJA--INFORMACIÓN GENERAL
campo de control de longitud fija 260619s mx ||||gr|||| 0|1 p SPA||
040 ## - FUENTE DE LA CATALOGACIÓN
Lengua de catalogación spa
041 ## - CÓDIGO DE LENGUA
Código de lengua del texto/banda sonora o título independiente SPA
Código de lengua original SPA
082 04 - NÚMERO DE LA CLASIFICACIÓN DECIMAL DEWEY
Número de edición PRIMERA EDICIÓN
Número de clasificación CQ / 861M / F567 / N83
100 ## - ENTRADA PRINCIPAL--NOMBRE DE PERSONA
Nombre de persona FLORES, ISRAEL
Títulos y otros términos asociados al nombre AUTOR
245 ## - MENCIÓN DE TÍTULO
Título LA NUEVA POESÍA
250 ## - MENCIÓN DE EDICIÓN
Mención de edición PRIMERA EDICIÓN
260 ## - PUBLICACIÓN, DISTRIBUCIÓN, ETC.
Lugar de publicación, distribución, etc. QUERÉTARO, MÉXICO
Nombre del editor, distribuidor, etc. FONDO EDITORIAL
Fecha de publicación, distribución, etc. 2006
300 ## - DESCRIPCIÓN FÍSICA
Extensión 73 PÁGINAS;
Dimensiones 22.5 CM X 10.2 CM
336 ## - TIPO DE CONTENIDO
Fuente rdacontent
Término de tipo de contenido texto
Código de tipo de contenido txt
337 ## - TIPO DE MEDIO
Fuente rdamedia
Nombre/término del tipo de medio sin mediación
Código del tipo de medio n
338 ## - TIPO DE SOPORTE
Fuente rdacarrier
Nombre/término del tipo de soporte volumen
Código del tipo de soporte nc
650 ## - PUNTO DE ACCESO ADICIONAL DE MATERIA--TÉRMINO DE MATERIA
Término de materia o nombre geográfico como elemento de entrada GÉNERO LÍRICO, POESÍA
Subdivisión de forma 861
Subdivisión general 800
Subdivisión cronológica 60
Subdivisión geográfica 1
942 ## - ELEMENTOS DE PUNTO DE ACCESO ADICIONAL (KOHA)
Fuente del sistema de clasificación o colocación Dewey Decimal Classification
Tipo de ítem Koha Colección Querétaro
Existencias
Estado de retiro Estado de pérdida Fuente del sistema de clasificación o colocación Estado dañado No para préstamo Código de colección Localización permanente Ubicación/localización actual Ubicación en estantería Fecha de adquisición Fuente de adquisición Total de préstamos Signatura topográfica completa Fecha visto por última vez Número de copia Precio válido a partir de Tipo de ítem Koha
    Dewey Decimal Classification   Préstamo en Sala Colección General BFC BIBLIOTECA PÚBLICA CENTRAL ESTATAL “FRANCISCO CERVANTES” BIBLIOTECA PÚBLICA CENTRAL ESTATAL “FRANCISCO CERVANTES” ACCESO B PLANTA ALTA SALA QUERÉTARO 06/19/2026 DONACIÓN   CQ / 861M / F567 / N83 06/19/2026 EJ. 1 06/19/2026 Colección Querétaro
    Dewey Decimal Classification   Préstamo en Sala Colección General BFC BIBLIOTECA PÚBLICA CENTRAL ESTATAL “FRANCISCO CERVANTES” BIBLIOTECA PÚBLICA CENTRAL ESTATAL “FRANCISCO CERVANTES” ACCESO B PLANTA ALTA SALA QUERÉTARO 06/19/2026 DONACIÓN   CQ / 861M / F567 / N83 06/19/2026 EJ. 2 06/19/2026 Colección Querétaro
    Dewey Decimal Classification   Préstamo en Sala Colección General BFC BIBLIOTECA PÚBLICA CENTRAL ESTATAL “FRANCISCO CERVANTES” BIBLIOTECA PÚBLICA CENTRAL ESTATAL “FRANCISCO CERVANTES” ACCESO B PLANTA ALTA SALA QUERÉTARO 06/19/2026 DONACIÓN   CQ / 861M / F567 / N83 06/19/2026 EJ. 3 06/19/2026 Colección Querétaro